| 000 | 00516nam a2200181Ia 4500 | ||
|---|---|---|---|
| 008 | 140626s9999 xx 000 0 und d | ||
| 100 | _aMahat, Ganga. | ||
| 245 |
_aHIV/AIDS knowledge and self-efficacy among late adolscents in Nepal / _cGanga Mahat. |
||
| 260 | _cc2012. | ||
| 300 | _a26 : 3, page 205 | ||
| 440 | _aResearch and Theory for Nursing Practice | ||
| 521 | _aNUR | ||
| 650 | _aHIV/AIDS knowledge. | ||
| 650 | _aLate adolescents. | ||
| 650 | _aNepal. | ||
| 650 | _aSelf-efficacy. | ||
| 942 | _cSE | ||
| 999 |
_c121386 _d121386 |
||